00958cam a22002774a 450000100090000000300040000900500170001300800410003001000170007102000270008802000170011504000180013204200080015004300120015805000240017008200230019424500680021726000680028530000210035350400510037465100280042565100360045370000180048985600820050785600910058913776482OSt20191231151918.0041109s2005 ii b 001 0 eng  a 2004026668 a0761933433 (hard back) a780761933434 aDLCcDLCdDLC apcc aa-ii---00aHC435.2b.P626 200500a330.954222bMOO/P04aThe politics of economic reforms in India /ceditor, Jos Mooij. aNew Delhi ;aThousand Oaks, Calif. :bSage Publications,c2005. a362 p. ;c23 cm. aIncludes bibliographical references and index. 0aIndiaxEconomic policy. 0aIndiaxPolitics and government.1 aMooij, Jos E.413Table of contents onlyuhttp://www.loc.gov/catdir/toc/ecip053/2004026668.html423Publisher descriptionuhttp://www.loc.gov/catdir/enhancements/fy0658/2004026668-d.html